000 00907cam a22003013a 4500
001 0000768
003 DO-SdBPM
005 20250604120139.0
007 0000768
008 8611121979 sp a 000 0 spa d
010 _a
020 _a8430511091
040 _a DO-SdBPM
_cspa
_dBPMSU
_d
082 4 _a925.3
_bG738C 1979
_2 22
100 1 _aCabezas, José Antonio
245 1 0 _aAlejandro G. Bell /
_cJosé Antonio Cabezas ; ilustraciones Donato Lobo
246 1 4 _aAlejandro Graham Bell
260 _aMadrid, España :
_bSusaeta ediciones,
_c1979.
300 _a98 p. :
_bil. ;
_c20 cm.
490 0 _aVidas ilustres,
_v2
590 _aInventariado, 2025/VM
600 1 4 _a Graham Bell, Alejandro
_d1847-1922.
650 4 _aInventores
_zEscocia.
650 4 _aTeléfono
_xHistoria.
700 1 _aLobo, Donato
_eilulustración
910 _aVMateo V. Control de calidad. BPMSU
942 _2ddc
_cBK
999 _c11750
_d11750